Back to the centre : the agents perspective : a study of the conversion of commercial buildings for residential use... (Record no. 97417)

MARC details
000 -LEADER
fixed length control field 00841cam a2200289 4500
001 - CONTROL NUMBER
control field M94465
008 - FIXED-LENGTH DATA ELEMENTS--GENERAL INFORMATION
fixed length control field 090401t1998 xxu||||| |||| 00| 0 eng d
035 ## - SYSTEM CONTROL NUMBER
System control number (Sirsi) u89081
041 ## - LANGUAGE CODE
Language code of text/sound track or separate title eng
050 ## - LIBRARY OF CONGRESS CALL NUMBER
Classification number 690.231
110 ## - MAIN ENTRY--CORPORATE NAME
Corporate name or jurisdiction name as entry element Royal Institution of Chartered Surveyors
9 (RLIN) 4900
245 ## - TITLE STATEMENT
Title Back to the centre : the agents perspective : a study of the conversion of commercial buildings for residential use...
260 ## - PUBLICATION, DISTRIBUTION, ETC.
Place of publication, distribution, etc. London
Name of publisher, distributor, etc. RICS
Date of publication, distribution, etc. 1998
300 ## - PHYSICAL DESCRIPTION
Extent 8p. ; 30cm.
350 ## - PRICE (NR) (BK AM CF MU VM SE) [OBSOLETE]
Price 0
490 ## - SERIES STATEMENT
Series statement RICS Research
520 ## - SUMMARY, ETC.
Summary, etc. For main work see RICS 1998/40.
650 ## - SUBJECT ADDED ENTRY--TOPICAL TERM
Topical term or geographic name entry element OFFICE CONVERSIONS
650 ## - SUBJECT ADDED ENTRY--TOPICAL TERM
Topical term or geographic name entry element OFFICES
650 ## - SUBJECT ADDED ENTRY--TOPICAL TERM
Topical term or geographic name entry element RESIDENTIAL USE
690 ## - LOCAL SUBJECT ADDED ENTRY--TOPICAL TERM (OCLC, RLIN)
Topical term or geographic name as entry element HOUSING
710 ## - ADDED ENTRY--CORPORATE NAME
Corporate name or jurisdiction name as entry element University of Westminster
9 (RLIN) 2398
710 ## - ADDED ENTRY--CORPORATE NAME
Corporate name or jurisdiction name as entry element Grimley
9 (RLIN) 2421
710 ## - ADDED ENTRY--CORPORATE NAME
Corporate name or jurisdiction name as entry element London Residential Research
942 ## - ADDED ENTRY ELEMENTS (KOHA)
Suppress in OPAC 0
948 ## - LOCAL PROCESSING INFORMATION (OCLC); SERIES PART DESIGNATOR (RLIN)
c (OCLC) 19/10/1998
Holdings
Withdrawn status Lost status Source of classification or shelving scheme Damaged status Not for loan Home library Current library Shelving location Date acquired Cost, normal purchase price Total Checkouts Full call number Barcode Date last seen Copy number Cost, replacement price Price effective from Koha item type Date last checked out
    Dewey Decimal Classification     London London RICS Boxes 14/09/1999 5.00   RICS 1998/51 30056561 06/08/2019 1 5.00 06/08/2019 Reference material  
    Dewey Decimal Classification     London London RICS Boxes 14/09/1999 5.00   RICS 1998/51 30056562 06/08/2019 2 5.00 06/08/2019 Reference material  
    Dewey Decimal Classification     London London RICS Boxes 14/09/1999 5.00 4 RICS 1998/51 30056563 06/08/2019 3 5.00 06/08/2019 Book 11/04/2000